| 000 | 00397nam a2200169Ia 4500 | ||
|---|---|---|---|
| 001 | 24205 | ||
| 005 | 20260414151028.0 | ||
| 008 | 260414t2007||||xx |||||||||||||| ||spa|| | ||
| 041 | _aESP | ||
| 082 |
_a792.07 _bE345B |
||
| 100 |
_aEines, Jorge _eAUT |
||
| 245 | 0 |
_aLa formación del actor : _bcrear para creer |
|
| 260 | _c2007 | ||
| 650 | _aABD | ||
| 654 | _aCAU | ||
| 942 |
_cLIB _dJUS _fJUS _2ddc _n |
||
| 999 |
_c24205 _d24205 |
||